000
00300nam a22001337a 4500
008
170717b xxu||||| |||| 00| 0 eng d
020
_a
9780764203848
041
_a
eng
080
_a
2
100
_a
24
101
_a
TEO
245
_a
WHAT'S IN THE BIBLE FOR COUPLES
_c
MILLER, K.C
942
_2
udc
_c
BK
999
_c
21403
_d
21403